| 000 | 00880nam0a22002291 4500 | ||
|---|---|---|---|
| 001 | rc\2837929 | ||
| 005 | 20250529202437.0 | ||
| 035 | _a(NLR Aleph) 006995617 | ||
| 090 |
_a5669996 _c5669996 |
||
| 100 | _a20110628d1929 |||y0rusy50 ca | ||
| 101 | 0 | _arus | |
| 102 | _aRU | ||
| 105 | _ay z ||||| | ||
| 200 | 1 |
_aТезисы доклада тов. С. Мамулия "Об основных задачах агитации, пропаганды и культурного строительства в Грузии" _fЦК КП(б) Грузии. Отд. агитации, пропаганды и печати. Всегруз. агитпропсовещание |
|
| 210 |
_aТифлис _cБ. и. _d1929 |
||
| 215 |
_a27 с. _d23 см |
||
| 700 | 1 |
_aМамулия _bС. |
|
| 801 | 0 |
_aRU _bNLR _gpsbo |
|
| 801 | 1 |
_aRU _bELAR _2rusmarc |
|
| 852 |
_aNLR _j88/362 |
||
| 942 | _cBOOK | ||
| 980 | _aNB | ||